Culture Générale - Série 2653 - Statistiques

Statistiques générales
  • Ce quiz a été pris 134 fois
  • Le résultat moyen est 4 sur 10
Statistiques - réponses
Question Réponse % Correct
Partie de l'oeil - fleur - messagère d'Héra iris
98%
Dans quel pays se trouve Assouan ? Egypte
57%
Dans la mythologie grecque,c'est une créature fantastique ayant une tête de lion, un corps de chèvre et une queue de serpent, qui crachait le feu et dévorait les humains chimère
42%
Quelle ville du Maroc est considérée comme la capitale spirituelle et scientifique ? Fès
38%
Dans les Misérables de Victor Hugo, qui est la mère de Cosette ? Fantine
34%
Qui est la fille de Gervaise dans les Rougon-Macquart. de Zola ? Nana
33%
Couleur de la robe des chevaux jaune clair - prénom féminin Isabelle
29%
De quel pays l'état ayant comme capitale Moroni est-il devenu indépendant en 1975 ? France
25%
Port de la Rome antique Ostie
22%
Dans quelle ville se déroule l'histoire d'Eugénie Grandet de Balzac ? Saumur
5%
Aucun quiz correspondant
Distribution des résultats
% des personnes avec chaque résultat
Percentile par nombre de réponses
Votre historique - résultats
Vous n’avez pas pris ce quiz